[Event "Pinneberg-ch 37th"]
[Site "Pinneberg"]
[Date "2019.08.08"]
[Round "1"]
[White "Albers, Friedemann"]
[Black "Falk, Rolf"]
[Result "1-0"]
[WhiteElo "1715"]
[BlackElo "1199"]
[PlyCount "57"]
[EventDate "2019.08.08"]
[EventType "swiss"]
[EventRounds "7"]
[EventCountry "GER"]
[SourceTitle "CBM 192 Extra"]
[Source "Chessbase"]
[SourceDate "2019.11.06"]
[SourceVersion "1"]
[SourceVersionDate "2019.11.06"]
[SourceQuality "1"]

1. e4 e5 2. Nf3 d6 3. d4 Nd7 4. Bc4 Be7 5. 0-0 Bf6 6. Nc3 c6 7. Be3 a6 8. a4 Nh6 9. h3 0-0 10. Qd2 Nb6 11. Bb3 Qe7 12. dxe5 dxe5 13. Bxb6 Be6 14. Qe3 g5 15. Bc5 Qe8 16. Bxf8 Qxf8 17. Bxe6 fxe6 18. Nxg5 Qe7 19. Nf3 Nf7 20. Rfd1 Rc8 21. Rd3 c5 22. Rad1 Rc7 23. Qd2 h6 24. Rd7 Rxd7 25. Qxd7 Qxd7 26. Rxd7 Nd8 27. Nxe5 b6 28. Ng4 Bg7 29. Rxd8+ 1-0

[Event "SVE Seniors op 2nd"]
[Site "Eidelstedt"]
[Date "2019.07.24"]
[Round "4"]
[White "Hecht, Horst"]
[Black "Falk, Rolf"]
[Result "0-1"]
[WhiteElo "1279"]
[BlackElo "1430"]
[PlyCount "88"]
[EventDate "2019.07.15"]
[EventType "swiss"]
[EventRounds "7"]
[EventCountry "GER"]
[SourceTitle "EXT 2020"]
[Source "ChessBase"]
[SourceDate "2019.10.17"]
[SourceVersion "1"]
[SourceVersionDate "2019.10.17"]
[SourceQuality "1"]

1. d4 d5 2. c4 Nf6 3. Nc3 e6 4. c5 c6 5. Bf4 Be7 6. Nf3 0-0 7. e3 Nh5 8. Ne5 Nxf4 9. exf4 f6 10. Ng4 f5 11. Ne5 Nd7 12. Be2 Nxe5 13. fxe5 b6 14. b4 a6 15. 0-0 b5 16. a4 Bd7 17. Bf3 Qe8 18. Ne2 Bg5 19. Nc1 g6 20. Nb3 Ra7 21. g3 Rf7 22. h4 Be7 23. h5 Qf8 24. Kg2 g5 25. g4 Rg7 26. gxf5 Qxf5 27. Bg4 Qf8 28. Rh1 Qf7 29. h6 Rg6 30. Bh5 Ra8 31. Bxg6 Qxg6 32. Qg4 Rf8 33. Ra2 Rf4 34. Qg3 Qe4+ 35. Kf1 Qxh1+ 36. Ke2 Re4+ 37. Kd2 Qe1+ 38. Kd3 Qd1+ 39. Rd2 Qb1+ 40. Kc3 bxa4 41. Rb2 Qe1+ 42. Nd2 Qc1+ 43. Rc2 Qa3+ 44. Nb3 Qxb3+ 0-1

[Event "SVE Seniors op 2nd"]
[Site "Eidelstedt"]
[Date "2019.07.22"]
[Round "3"]
[White "Falk, Rolf"]
[Black "Kaland, Joachim"]
[Result "0-1"]
[WhiteElo "1430"]
[BlackElo "1511"]
[PlyCount "60"]
[EventDate "2019.07.15"]
[EventType "swiss"]
[EventRounds "7"]
[EventCountry "GER"]
[SourceTitle "EXT 2020"]
[Source "ChessBase"]
[SourceDate "2019.10.17"]
[SourceVersion "1"]
[SourceVersionDate "2019.10.17"]
[SourceQuality "1"]

1. e4 e6 2. c3 d5 3. d3 c5 4. Nf3 dxe4 5. Ne5 Nf6 6. Be2 Be7 7. 0-0 0-0 8. c4 Qc7 9. Bf4 Bd6 10. d4 Nc6 11. Be3 cxd4 12. Nxc6 dxe3 13. Nd4 Bxh2+ 14. Kh1 exf2 15. Rxf2 Bg3 16. Rf1 Bd7 17. Nc3 a6 18. Qd2 Rad8 19. Qe3 Be5 20. Rad1 Bc6 21. b3 Qb6 22. Nc2 Qxe3 23. Nxe3 Bxc3 24. g4 Bd4 25. Nc2 Bc5 26. g5 e3+ 27. Kg1 Ne4 28. Rxd8 Rxd8 29. Rd1 Rxd1+ 30. Bxd1 e2+ 0-1

[Event "Hamburg-ch Seniors 65+"]
[Site "Hamburg"]
[Date "2018.11.07"]
[Round "8"]
[White "Wichmann, Dieter"]
[Black "Falk, Rolf"]
[Result "1/2-1/2"]
[WhiteElo "1585"]
[BlackElo "1417"]
[PlyCount "59"]
[EventDate "2018.10.31"]
[EventType "swiss"]
[EventRounds "9"]
[EventCountry "GER"]
[SourceTitle "CBM 189 Extra"]
[Source "ChessBase"]
[SourceDate "2019.06.03"]
[SourceVersion "1"]
[SourceVersionDate "2019.06.03"]
[SourceQuality "1"]

1. d4 d5 2. Bf4 Nf6 3. e3 a6 4. Nf3 Nc6 5. c4 e6 6. Nc3 Bb4 7. a3 Bxc3+ 8. bxc3 0-0 9. Bd3 b6 10. Ne5 Nxe5 11. dxe5 Ne4 12. Qc2 f5 13. 0-0 c6 14. f3 Nc5 15. Be2 Ra7 16. Bd1 Rd7 17. cxd5 cxd5 18. Qe2 Bb7 19. Bc2 Bc6 20. Rfb1 Bb5 21. Qd1 Qb8 22. Qd4 Rb7 23. a4 Bc4 24. a5 b5 25. Rb4 Qc7 26. Kf2 Qf7 27. Rd1 Qc7 28. Ra1 Qf7 29. Rd1 Qc7 30. Ra1 1/2-1/2

[Event "Hamburg-ch Seniors 65+"]
[Site "Hamburg"]
[Date "2018.11.05"]
[Round "6"]
[White "Falk, Rolf"]
[Black "Bock, Georg"]
[Result "0-1"]
[WhiteElo "1417"]
[BlackElo "1459"]
[PlyCount "106"]
[EventDate "2018.10.31"]
[EventType "swiss"]
[EventRounds "9"]
[EventCountry "GER"]
[SourceTitle "CBM 189 Extra"]
[Source "ChessBase"]
[SourceDate "2019.06.03"]
[SourceVersion "1"]
[SourceVersionDate "2019.06.03"]
[SourceQuality "1"]

1. e4 e6 2. Nf3 d5 3. exd5 exd5 4. d4 h6 5. Be2 Nf6 6. c3 Bd6 7. Ne5 0-0 8. 0-0 Bf5 9. Nd2 Nbd7 10. f4 c5 11. Nxd7 Qxd7 12. g4 Bxg4 13. Bxg4 Nxg4 14. Nf3 Qe6 15. Ne5 Bxe5 16. fxe5 Qg6 17. Qf3 cxd4 18. cxd4 Nxe5+ 19. Qg3 Qxg3+ 20. hxg3 Nc6 21. Be3 Rae8 22. Rfe1 Nb4 23. Rac1 Nd3 24. Bf2 Nxe1 25. Bxe1 Rc8 26. Bc3 Rfe8 27. Rd1 Rc6 28. Kg2 Re2+ 29. Kh3 Rf6 30. Re1 Rxe1 31. Bxe1 Rc6 32. Bc3 f5 33. Kg2 Rg6 34. Kf3 Kf7 35. a4 a6 36. Kf4 Ke6 37. Bb4 Rf6 38. Bc3 g5+ 39. Kf3 h5 40. Ba5 Kd7 41. Bc3 h4 42. gxh4 gxh4 43. Kg2 f4 44. Be1 Ke6 45. Bxh4 Rf8 46. Kf3 Kf5 47. Bf2 Rc8 48. Be1 Rc4 49. b4 Rxd4 50. a5 Rd3+ 51. Kg2 Kg4 52. Bf2 Rb3 53. Bc5 d4 0-1

[Event "Hamburg-ch Seniors 65+"]
[Site "Hamburg"]
[Date "2018.11.01"]
[Round "2"]
[White "Falk, Rolf"]
[Black "Berking, Bernhard"]
[Result "1-0"]
[WhiteElo "1417"]
[BlackElo "1607"]
[PlyCount "83"]
[EventDate "2018.10.31"]
[EventType "swiss"]
[EventRounds "9"]
[EventCountry "GER"]
[SourceTitle "CBM 189 Extra"]
[Source "ChessBase"]
[SourceDate "2019.06.03"]
[SourceVersion "1"]
[SourceVersionDate "2019.06.03"]
[SourceQuality "1"]

1. e4 c5 2. c4 d6 3. Nc3 Nf6 4. Nf3 a6 5. d3 Nbd7 6. Be2 g6 7. 0-0 Bg7 8. Bf4 0-0 9. h3 Rb8 10. Rc1 b5 11. b3 e5 12. Bh2 Bb7 13. Qd2 bxc4 14. bxc4 Re8 15. Nd5 Nxd5 16. cxd5 Nf6 17. Ne1 Qe7 18. Qc2 Rec8 19. g4 Nd7 20. f4 exf4 21. Bxf4 Be5 22. Ng2 Bxf4 23. Rxf4 Ne5 24. Rcf1 Rf8 25. Rf6 Bc8 26. Qc1 Kg7 27. Qg5 Qc7 28. Nf4 Kh8 29. h4 Qe7 30. h5 Nd7 31. Nxg6+ hxg6 32. Qh6+ Kg8 33. hxg6 Nxf6 34. Rxf6 fxg6 35. Rxg6+ Kf7 36. Rg7+ Ke8 37. Rxe7+ Kxe7 38. Qg7+ Rf7 39. Qg5+ Kf8 40. Qd8+ Kg7 41. Qxd6 Rb2 42. Qe5+ 1-0

[Event "Pinneberg-ch"]
[Site "Pinneberg"]
[Date "2018.09.13"]
[Round "5"]
[White "Luettig, Hendrik"]
[Black "Falk, Rolf"]
[Result "1-0"]
[WhiteElo "1442"]
[BlackElo "1199"]
[PlyCount "79"]
[EventDate "2018.08.16"]
[EventType "swiss"]
[EventRounds "7"]
[EventCountry "GER"]
[SourceTitle "EXT 2019"]
[Source "ChessBase"]
[SourceDate "2018.10.10"]
[SourceVersion "1"]
[SourceVersionDate "2018.10.10"]
[SourceQuality "1"]

1. e4 e5 2. Nf3 d6 3. h3 Be6 4. Nc3 c6 5. d4 Qc7 6. d5 cxd5 7. Bb5+ Nd7 8. Ng5 d4 9. Nxe6 fxe6 10. Ne2 Qa5+ 11. c3 Qxb5 12. cxd4 Ngf6 13. Nc3 Qc4 14. d5 exd5 15. exd5 Nc5 16. Be3 Nd3+ 17. Kd2 Nxf2 18. Bxf2 Ne4+ 19. Nxe4 Qxe4 20. Qf3 Qxf3 21. gxf3 Be7 22. Rac1 0-0 23. Ke2 Bg5 24. Rc7 b6 25. Rg1 Bf6 26. Rgc1 g5 27. R1c6 Rfd8 28. b3 h6 29. Kd3 Kf8 30. Be3 Be7 31. Rb7 Ke8 32. Rcc7 Bf8 33. Rxa7 Rxa7 34. Rxa7 Rb8 35. a4 b5 36. a5 b4 37. a6 Rb5 38. Kc4 Rc5+ 39. Bxc5 dxc5 40. Rb7 1-0

[Event "Blankenese op 1st"]
[Site "Hamburg"]
[Date "2017.10.01"]
[Round "3.39"]
[White "Falk, Rolf"]
[Black "Bahr, Arne"]
[Result "0-1"]
[WhiteElo "1447"]
[BlackElo "1696"]
[PlyCount "98"]
[EventDate "2017.09.30"]
[EventType "swiss"]
[EventRounds "7"]
[EventCountry "GER"]
[SourceTitle "EXT 2020"]
[Source "ChessBase"]
[SourceDate "2019.10.17"]
[SourceVersion "1"]
[SourceVersionDate "2019.10.17"]
[SourceQuality "1"]

1. d4 g6 2. c4 Bg7 3. Nc3 d6 4. e3 Nc6 5. Nf3 e5 6. d5 Nce7 7. Be2 f5 8. 0-0 Nf6 9. Ng5 h6 10. Ne6 Bxe6 11. dxe6 Qc8 12. Nd5 Kf8 13. Qb3 Ne8 14. Bd2 b6 15. Bc3 Qxe6 16. f4 e4 17. Bxg7+ Kxg7 18. Qc3+ Kh7 19. Rad1 c6 20. Nxe7 Qxe7 21. b4 Rf8 22. a3 Qf6 23. Qxf6 Rxf6 24. Kh1 Rd8 25. Rg1 Nc7 26. g4 Rff8 27. Rg3 d5 28. c5 bxc5 29. bxc5 Ne6 30. Rb1 Rb8 31. Rxb8 Rxb8 32. gxf5 gxf5 33. Bh5 Rg8 34. Rxg8 Kxg8 35. Bg6 Ng7 36. Kg1 Kf8 37. Kf2 Ke7 38. h4 h5 39. Ke2 Kf6 40. Bh7 Ne6 41. Kd2 Nxc5 42. Kc3 Ne6 43. Bg8 c5 44. Bxe6 Kxe6 45. a4 a5 46. Kd2 d4 47. Ke2 Kd5 48. exd4 cxd4 49. Kd2 e3+ 0-1

[Event "Hamburg-ch Seniors 23rd"]
[Site "Hamburg"]
[Date "2016.11.06"]
[Round "5"]
[White "Berking, Bernhard"]
[Black "Falk, Rolf"]
[Result "1-0"]
[WhiteElo "1626"]
[BlackElo "1478"]
[PlyCount "75"]
[EventDate "2016.11.02"]
[EventType "swiss"]
[EventRounds "9"]
[EventCountry "GER"]
[SourceTitle "EXT 2019"]
[Source "ChessBase"]
[SourceDate "2018.10.10"]
[SourceVersion "1"]
[SourceVersionDate "2018.10.10"]
[SourceQuality "1"]

1. c4 c6 2. Nf3 e6 3. g3 Nf6 4. Bg2 Bc5 5. 0-0 0-0 6. d4 Be7 7. Nc3 d5 8. c5 Nbd7 9. Bg5 Ne8 10. Bxe7 Qxe7 11. e4 f5 12. exf5 Rxf5 13. Re1 Qf6 14. Re3 g5 15. g4 Rf4 16. Ne2 Rxg4 17. Ng3 Ng7 18. Qe2 Nf8 19. Re1 h5 20. Qd2 h4 21. h3 Rf4 22. Nf1 g4 23. hxg4 Rxg4 24. N1h2 Rg6 25. Kh1 Nh5 26. Ne5 Rxg2 27. Kxg2 Nf4+ 28. Kh1 N8g6 29. Rg1 Kg7 30. Nxg6 Nxg6 31. Rf3 Qe7 32. Qf4 Bd7 33. Qe5+ Kh6 34. Ng4+ Kh7 35. Nf6+ Kh6 36. Qh5+ Kg7 37. Qxg6+ Kf8 38. Qg8# 1-0

[Event "Hamburg-ch Seniors 23rd"]
[Site "Hamburg"]
[Date "2016.11.04"]
[Round "3"]
[White "Falk, Rolf"]
[Black "Graffenberger, Marianne"]
[Result "1-0"]
[WhiteElo "1478"]
[BlackElo "1464"]
[PlyCount "127"]
[EventDate "2016.11.02"]
[EventType "swiss"]
[EventRounds "9"]
[EventCountry "GER"]
[SourceTitle "EXT 2019"]
[Source "ChessBase"]
[SourceDate "2018.10.10"]
[SourceVersion "1"]
[SourceVersionDate "2018.10.10"]
[SourceQuality "1"]

1. e4 e5 2. d3 Nf6 3. Nf3 d6 4. Nbd2 Bg4 5. g3 Be7 6. Bg2 Nc6 7. 0-0 0-0 8. c3 d5 9. h3 Be6 10. Ng5 d4 11. Nxe6 fxe6 12. c4 Bc5 13. a3 a6 14. b4 Ba7 15. Nf3 b5 16. Ng5 Qd7 17. h4 Rab8 18. Bh3 Nd8 19. c5 c6 20. Nf3 Qc7 21. Qb3 Kh8 22. Ng5 a5 23. Bxe6 a4 24. Qd1 Qe7 25. Bh3 Nf7 26. Ne6 Rg8 27. f4 exf4 28. Bxf4 Rb7 29. Ra2 Bb8 30. Bxb8 Rbxb8 31. Raf2 Ne5 32. Nxd4 Rbd8 33. Nf5 Qc7 34. Nd6 Nf7 35. Be6 Rgf8 36. Nxf7+ Rxf7 37. Bxf7 Qxf7 38. e5 Qc7 39. Kh2 Qxe5 40. Rd2 Rd4 41. Qf3 Rxh4+ 42. Kg2 Rg4 43. Qxg4 h5 44. Qf4 Ng4 45. Qf8+ Kh7 46. Qf5+ Qxf5 47. Rxf5 Ne3+ 48. Kh3 Nxf5 49. d4 Ne3 50. Rd3 Nd5 51. Rf3 Kh6 52. Rf7 Kg6 53. Rd7 Nf6 54. Rd6 Kf5 55. Rxc6 g5 56. Rxf6+ Kxf6 57. c6 Ke7 58. d5 Kd6 59. Kg2 g4 60. Kf2 Kc7 61. Ke3 Kd6 62. Kf4 Kc7 63. Kg5 h4 64. Kxh4 1-0

[Event "Pinneberg-ch"]
[Site "Pinneberg"]
[Date "2016.10.06"]
[Round "6"]
[White "Falk, Rolf"]
[Black "Kaland, Joachim"]
[Result "0-1"]
[WhiteElo "1214"]
[BlackElo "1498"]
[PlyCount "54"]
[EventDate "2016.09.01"]
[EventType "swiss"]
[EventRounds "7"]
[EventCountry "GER"]
[SourceTitle "EXT 2018"]
[Source "ChessBase"]
[SourceDate "2017.10.13"]
[SourceVersion "1"]
[SourceVersionDate "2017.10.13"]
[SourceQuality "1"]

1. d4 e6 2. c4 Nf6 3. a3 c5 4. e3 d5 5. Nf3 cxd4 6. exd4 Be7 7. Nc3 0-0 8. Bd3 dxc4 9. Bxc4 Qc7 10. 0-0 Qxc4 11. Ne5 Qc7 12. Nb5 Qb6 13. a4 Bd7 14. Nxd7 Nbxd7 15. Be3 Nd5 16. b3 a6 17. Na3 Bxa3 18. Rxa3 Rac8 19. Qd2 Rc3 20. Rb1 Rfc8 21. Rb2 Nxe3 22. fxe3 Nf6 23. h3 Rc1+ 24. Kh2 Qd6+ 25. g3 Qxa3 26. Qg2 Qxb2 27. Qxb2 R1c2+ 0-1

[Event "Pinneberg-ch"]
[Site "Pinneberg"]
[Date "2016.09.22"]
[Round "4"]
[White "Falk, Rolf"]
[Black "Luettig, Hendrik"]
[Result "1-0"]
[WhiteElo "1214"]
[BlackElo "1477"]
[PlyCount "71"]
[EventDate "2016.09.01"]
[EventType "swiss"]
[EventRounds "7"]
[EventCountry "GER"]
[SourceTitle "EXT 2018"]
[Source "ChessBase"]
[SourceDate "2017.10.13"]
[SourceVersion "1"]
[SourceVersionDate "2017.10.13"]
[SourceQuality "1"]

1. d4 Nf6 2. c4 c5 3. Nf3 e6 4. Nc3 b5 5. Nxb5 Ba6 6. e3 Bxb5 7. cxb5 Be7 8. Bd3 0-0 9. 0-0 d5 10. b3 a6 11. Bb2 Nbd7 12. a4 a5 13. Rc1 Rc8 14. Qe2 Nb6 15. Ne5 Nfd7 16. Nc6 Qe8 17. Nxe7+ Qxe7 18. e4 cxd4 19. Rc6 e5 20. Rfc1 Rxc6 21. Rxc6 Rc8 22. exd5 Rxc6 23. dxc6 Nc5 24. Bc4 Qc7 25. Bxd4 Nxc4 26. bxc4 Nxa4 27. Bxe5 Qc8 28. c7 h6 29. Qd2 Kh7 30. Qc2+ Kg8 31. Qxa4 Qe6 32. Qa1 f6 33. Bd6 Kh7 34. c5 a4 35. b6 a3 36. h3 1-0

[Event "Pinneberg-ch"]
[Site "Pinneberg"]
[Date "2016.09.08"]
[Round "2"]
[White "Falk, Rolf"]
[Black "Zimmermann, Manfred"]
[Result "0-1"]
[WhiteElo "1214"]
[BlackElo "1491"]
[PlyCount "111"]
[EventDate "2016.09.01"]
[EventType "swiss"]
[EventRounds "7"]
[EventCountry "GER"]
[SourceTitle "EXT 2018"]
[Source "ChessBase"]
[SourceDate "2017.10.13"]
[SourceVersion "1"]
[SourceVersionDate "2017.10.13"]
[SourceQuality "1"]

1. d4 Nf6 2. c4 g6 3. Nc3 d6 4. e4 Bg7 5. Be2 c6 6. Nf3 0-0 7. 0-0 Nbd7 8. Be3 Qc7 9. Qd2 Ng4 10. Bf4 e5 11. dxe5 dxe5 12. Bg3 Ngf6 13. Ne1 Nc5 14. f3 Ne6 15. Nd3 Nh5 16. Bf2 Nhf4 17. Rad1 Rd8 18. Qc2 Nxd3 19. Bxd3 Nf4 20. Ne2 Nxd3 21. Rxd3 Rxd3 22. Qxd3 Qd7 23. Rd1 Qxd3 24. Rxd3 Be6 25. b3 Bf6 26. h3 a5 27. g4 a4 28. Rd1 axb3 29. axb3 Ra3 30. Rb1 Be7 31. Kg2 Ra2 32. Kf1 h5 33. Ng1 hxg4 34. fxg4 f5 35. exf5 gxf5 36. gxf5 Bxf5 37. Re1 e4 38. h4 Kg7 39. Ne2 Bb4 40. Bd4+ Kg6 41. Nf4+ Kf7 42. Ra1 Rxa1+ 43. Bxa1 Be7 44. h5 Bg5 45. Be5 Bg4 46. Kf2 Bxf4 47. Bxf4 Bxh5 48. Ke3 Bf3 49. c5 Ke6 50. Kd4 Kf5 51. Bh6 Kg4 52. Ke5 Kg3 53. Kd6 Be2 54. Kc7 Kf3 55. b4 Ba6 56. Bg7 0-1

[Event "Pinneberg-ch"]
[Site "Pinneberg"]
[Date "2015.09.17"]
[Round "4"]
[White "Sengbusch, Gerhard"]
[Black "Falk, Rolf"]
[Result "1/2-1/2"]
[WhiteElo "1284"]
[BlackElo "1218"]
[PlyCount "106"]
[EventDate "2015.08.28"]
[EventType "swiss"]
[EventRounds "7"]
[EventCountry "GER"]
[SourceTitle "EXT 2017"]
[Source "ChessBase"]
[SourceDate "2016.10.25"]
[SourceVersion "1"]
[SourceVersionDate "2016.10.25"]
[SourceQuality "1"]

1. e4 d6 2. Nf3 Bg4 3. Be2 e5 4. Nc3 c6 5. 0-0 Be7 6. d3 Nf6 7. Bd2 0-0 8. h3 Bxf3 9. Bxf3 d5 10. Re1 d4 11. Ne2 Nfd7 12. Ng3 Bg5 13. Bg4 f6 14. Qc1 Qe7 15. a3 a5 16. Qd1 Kh8 17. Bf5 g6 18. Bg4 c5 19. Bxd7 Nxd7 20. Rf1 b6 21. Bc1 Rf7 22. Qg4 Bxc1 23. Raxc1 Rg8 24. Qe2 h5 25. Qd2 h4 26. Nh1 Rh7 27. f4 g5 28. f5 g4 29. Nf2 gxh3 30. Nxh3 Rh5 31. Rf3 Nf8 32. Rcf1 Nh7 33. Qe2 Ng5 34. Nxg5 Rgxg5 35. Rh3 Qh7 36. Rff3 Qh6 37. Qd2 Qg7 38. Qf2 Qh6 39. Qd2 Qg7 40. Qf2 Rg4 41. Qd2 Rhg5 42. Rf2 Qh6 43. Qe2 Rg3 44. Kh2 Kg7 45. Kh1 Rxh3+ 46. gxh3 Rg3 47. Qf1 Qe3 48. Rg2 Kh6 49. Rxg3 Qxg3 50. Qg2 Qg5 51. Kh2 Qf4+ 52. Kh1 Qg5 53. Kh2 Qf4+ 1/2-1/2

[Event "Pinneberg op Seniors 16th"]
[Site "Pinneberg"]
[Date "2015.07.31"]
[Round "5"]
[White "Schleu, Guenther"]
[Black "Falk, Rolf"]
[Result "0-1"]
[WhiteElo "1071"]
[BlackElo "1180"]
[PlyCount "114"]
[EventDate "2015.07.02"]
[EventType "swiss"]
[EventRounds "7"]
[EventCountry "GER"]
[SourceTitle "EXT 2017"]
[Source "ChessBase"]
[SourceDate "2016.10.25"]
[SourceVersion "1"]
[SourceVersionDate "2016.10.25"]
[SourceQuality "1"]

1. d4 d5 2. Nf3 c6 3. Bf4 Nf6 4. h3 Ne4 5. Nbd2 e6 6. Nxe4 dxe4 7. Ne5 Bb4+ 8. c3 Ba5 9. e3 0-0 10. Be2 Nd7 11. Qc2 f6 12. Nxd7 Bxd7 13. Qxe4 f5 14. Qc2 Bc7 15. Bxc7 Qxc7 16. 0-0 Rad8 17. Rad1 Be8 18. Qb3 Bf7 19. c4 b6 20. Bf3 Rd7 21. Qc3 Rfd8 22. Rd2 c5 23. Rfd1 h6 24. d5 exd5 25. Bxd5 Bxd5 26. Rxd5 Qc6 27. Qd3 Rxd5 28. cxd5 Qf6 29. b3 g6 30. Qc4 Kg7 31. Qd3 Rd6 32. f3 Qb2 33. Rd2 Qa1+ 34. Kf2 Qe5 35. f4 Qe4 36. Qxe4 fxe4 37. g4 Kf6 38. h4 h5 39. g5+ Kf5 40. Kg3 b5 41. a3 a5 42. Rd1 a4 43. bxa4 bxa4 44. Rd2 c4 45. Rc2 Rxd5 46. Rxc4 Rd3 47. Kf2 Rxa3 48. Rc5+ Kg4 49. Re5 Ra2+ 50. Ke1 Kf3 51. Rd5 Re2+ 52. Kd1 Rxe3 53. Rd2 Kxf4 54. Kc2 Rd3 55. Rh2 a3 56. Kb1 Kg3 57. Rc2 Kxh4 0-1

[Event "Hamburg-ch Seniors 21st"]
[Site "Hamburg"]
[Date "2014.11.02"]
[Round "5"]
[White "Lubisch, Gerwalt"]
[Black "Falk, Rolf"]
[Result "0-1"]
[WhiteElo "1259"]
[BlackElo "1207"]
[PlyCount "108"]
[EventDate "2014.10.29"]
[EventType "swiss"]
[EventRounds "9"]
[EventCountry "GER"]
[SourceTitle "EXT 2018"]
[Source "ChessBase"]
[SourceDate "2017.10.13"]
[SourceVersion "1"]
[SourceVersionDate "2017.10.13"]
[SourceQuality "1"]

1. e4 e6 2. f4 d5 3. e5 f6 4. d4 Bb4+ 5. c3 Ba5 6. Nf3 c6 7. Bd3 f5 8. 0-0 Ne7 9. h3 Nd7 10. Nh2 c5 11. Qh5+ Ng6 12. g4 Ndf8 13. gxf5 exf5 14. Bxf5 Bxf5 15. Qxf5 c4 16. Qh5 Qh4 17. Qf3 Ne7 18. Kh1 0-0-0 19. Rg1 Nf5 20. b4 Bc7 21. a4 Rd7 22. Ba3 g6 23. Nd2 Ne6 24. Rg4 Qd8 25. b5 Rg7 26. Rag1 h5 27. Rxg6 Nh4 28. Qf2 Nxg6 29. f5 Nh4 30. Rxg7 Nxg7 31. f6 Ngf5 32. Nhf3 Nxf3 33. Qxf3 Qd7 34. Nf1 Qe6 35. Bc1 h4 36. Kh2 Rg8 37. Bf4 Qf7 38. Qf2 Qg6 39. Ne3 Nxe3 40. Bxe3 Qg3+ 41. Qxg3 Rxg3 42. Bh6 Rf3 43. Bg5 Rf5 44. Bxh4 Bd8 45. Kg3 Kd7 46. Kg4 Rf1 47. Kg5 Ke6 48. Kg6 Ba5 49. Bg5 Bxc3 50. h4 Bxd4 51. h5 Bxe5 52. h6 Rxf6+ 53. Bxf6 Bxf6 54. h7 c3 0-1

[Event "Hamburg-ch Seniors 21st"]
[Site "Hamburg"]
[Date "2014.10.29"]
[Round "1"]
[White "Falk, Rolf"]
[Black "Lochmann, Viktor"]
[Result "0-1"]
[WhiteElo "1207"]
[BlackElo "1619"]
[PlyCount "30"]
[EventDate "2014.10.29"]
[EventType "swiss"]
[EventRounds "9"]
[EventCountry "GER"]
[SourceTitle "EXT 2018"]
[Source "ChessBase"]
[SourceDate "2017.10.13"]
[SourceVersion "1"]
[SourceVersionDate "2017.10.13"]
[SourceQuality "1"]

1. e4 c5 2. a3 g6 3. Nf3 Bg7 4. d4 cxd4 5. Nxd4 Nc6 6. c3 Qb6 7. Nxc6 bxc6 8. Be3 Qxb2 9. Bd4 Bxd4 10. cxd4 Qxa1 11. Be2 Nf6 12. f3 a5 13. 0-0 Qb2 14. Rf2 Rb8 15. Bd3 Qxd4 0-1

[Event "Pinneberg op Seniors 15th"]
[Site "Pinneberg"]
[Date "2014.??.??"]
[Round "1"]
[White "Falk, Rolf"]
[Black "Cassens, Erhard Otto"]
[Result "0-1"]
[WhiteElo "1499"]
[BlackElo "1850"]
[PlyCount "91"]
[EventDate "2014.07.03"]
[EventType "swiss"]
[EventRounds "7"]
[EventCountry "GER"]
[SourceTitle "EXT 2017"]
[Source "ChessBase"]
[SourceDate "2016.10.25"]
[SourceVersion "1"]
[SourceVersionDate "2016.10.25"]
[SourceQuality "1"]

1. e4 e6 2. d4 b6 3. Be2 Bb7 4. Bf3 Ne7 5. Nc3 Ng6 6. g3 Be7 7. Be3 e5 8. d5 d6 9. Qe2 Ba6 10. Qd2 0-0 11. Be2 Bc8 12. Nf3 f5 13. Bg5 Nd7 14. Bxe7 Qxe7 15. h4 fxe4 16. Nxe4 Nf6 17. Nxf6+ Qxf6 18. 0-0-0 Bg4 19. Nh2 Bxe2 20. Qxe2 Qxf2 21. Qxf2 Rxf2 22. h5 Ne7 23. b3 Rg2 24. g4 Rf8 25. Nf1 Rxg4 26. Ne3 Rg3 27. Rd3 e4 28. Nf1 Rxd3 29. cxd3 exd3 30. Ne3 Rf2 31. Rd1 Rxa2 32. Rxd3 Ra5 33. Kb2 Kf7 34. b4 Rb5 35. Kb3 a5 36. Rd4 axb4 37. Rxb4 Rc5 38. Rf4+ Ke8 39. Rd4 Kd7 40. Kb4 g6 41. hxg6 hxg6 42. Kb3 Nf5 43. Nxf5 gxf5 44. Kb4 Ke7 45. Rc4 Rxc4+ 46. Kxc4 0-1

[Event "Pinneberg op Seniors 15th"]
[Site "Pinneberg"]
[Date "2014.??.??"]
[Round "6"]
[White "Falk, Rolf"]
[Black "Sachse, Theo"]
[Result "0-1"]
[WhiteElo "1260"]
[BlackElo "1228"]
[PlyCount "68"]
[EventDate "2014.07.03"]
[EventType "swiss"]
[EventRounds "7"]
[EventCountry "GER"]
[SourceTitle "EXT 2017"]
[Source "ChessBase"]
[SourceDate "2016.10.25"]
[SourceVersion "1"]
[SourceVersionDate "2016.10.25"]
[SourceQuality "1"]

1. e4 e5 2. Bc4 Nf6 3. a3 Nxe4 4. Nf3 d6 5. d3 Nf6 6. Ng5 d5 7. Ba2 h6 8. Nf3 Bd6 9. 0-0 b6 10. b4 Bb7 11. Bb2 0-0 12. Nxe5 Nc6 13. Ng4 Nxg4 14. Qxg4 f6 15. Bxd5+ Kh8 16. Nd2 Ne5 17. Qe4 Bxd5 18. Qxd5 Nf7 19. Nf3 Bxh2+ 20. Kxh2 Qxd5 21. Rfe1 Rae8 22. Re3 Rxe3 23. fxe3 Qh5+ 24. Kg3 Ng5 25. Nxg5 Qxg5+ 26. Kf2 Re8 27. Re1 Qh4+ 28. Kf1 Qg5 29. Bc1 Qd5 30. Kf2 Qa2 31. Re2 Qb1 32. Bd2 Qxc2 33. Be1 Qxd3 34. Bd2 Qxa3 0-1

[Event "Hamburg Seniors-ch 20th"]
[Site "Hamburg"]
[Date "2013.11.01"]
[Round "3"]
[White "Falk, Rolf"]
[Black "Hilbig, Klaus"]
[Result "0-1"]
[WhiteElo "1213"]
[BlackElo "1574"]
[PlyCount "78"]
[EventDate "2013.10.30"]
[EventType "swiss"]
[EventRounds "9"]
[EventCountry "GER"]
[SourceTitle "EXT 2015"]
[Source "ChessBase"]
[SourceDate "2014.11.20"]
[SourceVersion "1"]
[SourceVersionDate "2014.11.20"]
[SourceQuality "1"]

1. d4 Nf6 2. e3 g6 3. Bd3 Bg7 4. Nd2 d5 5. b3 0-0 6. Ngf3 Nbd7 7. Bb2 c5 8. 0-0 cxd4 9. Bxd4 Qc7 10. Rb1 Nc5 11. Be2 Bf5 12. Be5 Qd7 13. Nd4 a6 14. Nxf5 Qxf5 15. f4 Rad8 16. g4 Qd7 17. g5 Nfe4 18. Nxe4 Nxe4 19. Bxg7 Kxg7 20. Qd4+ Kg8 21. Bf3 Qc7 22. Rbc1 Nc3 23. a4 e6 24. h4 b6 25. h5 gxh5 26. Bxh5 Qc5 27. Bg4 Qxd4 28. exd4 f5 29. Rf2 fxg4 30. Re1 Kh8 31. Kg2 Ne4 32. Rfe2 Rxf4 33. Rh1 Nxg5 34. Rh5 Ne4 35. Rh4 Rdf8 36. Rh6 R8f6 37. Rxf6 Rxf6 38. Kg1 a5 39. Rg2 h5 0-1

[Event "Hamburg Seniors-ch 20th"]
[Site "Hamburg"]
[Date "2013.10.31"]
[Round "2"]
[White "Hadenfeldt, Klaus"]
[Black "Falk, Rolf"]
[Result "1/2-1/2"]
[WhiteElo "1706"]
[BlackElo "1213"]
[PlyCount "75"]
[EventDate "2013.10.30"]
[EventType "swiss"]
[EventRounds "9"]
[EventCountry "GER"]
[SourceTitle "EXT 2015"]
[Source "ChessBase"]
[SourceDate "2014.11.20"]
[SourceVersion "1"]
[SourceVersionDate "2014.11.20"]
[SourceQuality "1"]

1. d4 e6 2. c4 c5 3. Nf3 Nc6 4. Nc3 Nf6 5. e4 cxd4 6. Nxd4 d6 7. Be3 Be7 8. Be2 e5 9. Nb3 b6 10. 0-0 0-0 11. f3 Nb4 12. a3 Na6 13. Nd2 Bb7 14. b4 Nc7 15. Nb3 Nh5 16. Nd5 Nxd5 17. cxd5 Nf4 18. Rc1 Bg5 19. Kh1 Nxe2 20. Qxe2 Bxe3 21. Qxe3 Ba6 22. Rf2 Rc8 23. Rfc2 Qd7 24. h3 Rxc2 25. Rxc2 Rc8 26. Qc1 Rxc2 27. Qxc2 Bb5 28. Nd2 g6 29. Kg1 Ba4 30. Qc3 Bb5 31. Nf1 Kg7 32. Ne3 Qd8 33. Kh2 Bd7 34. g3 b5 35. f4 f6 36. f5 g5 37. Ng2 Be8 38. g4 1/2-1/2